Night Science for kids : (Record no. 105525)
[ view plain ]
| 000 -LEADER | |
|---|---|
| fixed length control field | 00509nam a2200169 a 4500 |
| 005 - DATE AND TIME OF LATEST TRANSACTION | |
| control field | 20140412111404.0 |
| 008 - FIXED-LENGTH DATA ELEMENTS--GENERAL INFORMATION | |
| fixed length control field | 070330s19uu xx 00 eng d |
| 020 ## - INTERNATIONAL STANDARD BOOK NUMBER | |
| International Standard Book Number | 1-57990-411-4 |
| 050 ## - LIBRARY OF CONGRESS CALL NUMBER | |
| Classification number | REF 591.5'18 |
| Item number | K78 2003 |
| 100 ## - MAIN ENTRY--PERSONAL NAME | |
| Personal name | Krautwurst, Terry |
| 245 ## - TITLE STATEMENT | |
| Title | Night Science for kids : |
| Remainder of title | Exploring the world after dark / |
| Statement of responsibility, etc | Terry Krautwurst. |
| 260 ## - PUBLICATION, DISTRIBUTION, ETC. (IMPRINT) | |
| Place of publication, distribution, etc | China : |
| Name of publisher, distributor, etc | Lark books, |
| Date of publication, distribution, etc | 2003. |
| 300 ## - PHYSICAL DESCRIPTION | |
| Extent | 144 |
| 650 ## - SUBJECT ADDED ENTRY--TOPICAL TERM | |
| Topical term or geographic name as entry element | Night-Juvenile literature |
| 650 ## - SUBJECT ADDED ENTRY--TOPICAL TERM | |
| Topical term or geographic name as entry element | Science-Juvenile literature |
| Withdrawn status | Lost status | Damaged status | Home library | Current library | Shelving location | Date acquired | Source of acquisition | Total Checkouts | Full call number | Barcode | Date last seen | Price effective from | Koha item type |
|---|---|---|---|---|---|---|---|---|---|---|---|---|---|
| Elizalde Library | Elizalde Library | Reference Section | 03/30/2007 | REF 591.5'18 K78 2003 | E10292 | 04/12/2014 | 04/12/2014 | Books |